01534nam a2200373 a 4500001001200000003000800012006001900020007001500039008004100054010001700095020004300112020002700155040002100182035002100203043001200224050002300236082002400259100002900283245007900312260006200391300002600453490004100479504005100520533015200571650005100723650004700774650004700821650005300868655002900921710001700950830005000967856012601017999001701143ebr10642705CaPaEBRm u cr cn|||||||||110608s2012 paubd sb 001 0 eng d z 2011023321 z9780812243864 (hardcover : alk. paper) z9780812205206 (e-book) aCaPaEBRcCaPaEBR a(OCoLC)824522205 an-us---14aHT123b.K38 2012eb04a307.760973/09042231 aKatz, Michael B.,d1939-10aWhy don't American cities burn?h[electronic resource] /cMichael B. Katz. aPhiladelphia :bUniversity of Pennsylvania Press,cc2012. a210 p. :bill., maps.1 aThe city in the twenty-first century aIncludes bibliographical references and index. aElectronic reproduction.bPalo Alto, Calif. :cebrary,d2013.nAvailable via World Wide Web.nAccess may be limited to ebrary affiliated libraries. 0aSociology, UrbanzUnited Statesy20th century. 0aUrban policyzUnited Statesy20th century. 0aInner citieszUnited Statesy20th century. 0aCity and town lifezUnited Statesy20th century. 7aElectronic books.2local2 aebrary, Inc. 0aCity in the twenty-first century book series.40uhttp://site.ebrary.com/lib/rucke/Doc?id=10642705zAn electronic book accessible through the World Wide Web; click to view c32976d32976